000 00260nam a2200097Ia 4500
001 683299
005 20250826161435.0
008 250824s9999 xx 000 0 und d
245 0 _aBENİM KÜÇÜK DOSTLARIM
_cHALİDE NUSRET ZORLUTUNA
260 _bTİMAŞ YAYINLARI
999 _c683299
_d683299